| 000 | 00649nam a2200205 4500 | ||
|---|---|---|---|
| 003 | OSt | ||
| 005 | 20240709033215.0 | ||
| 006 | a | ||
| 008 | 240709b |||||||| |||| 00| 0 eng d | ||
| 020 | _a1585281247 | ||
| 040 |
_aDWCL-HMN lib. _cOC |
||
| 082 |
_2Fourth edition _aCirc. 615.7 D596 2005 |
||
| 110 | _aJoseph T. DiPiro | ||
| 245 | _aConcepts in clinical pharmacokinetics / | ||
| 260 |
_aBethesda, MD. : _bAmerican Society of Health System Pharmacists, _cc2005. |
||
| 300 |
_axv, _b230 p. : ill. ; _c28 cm. |
||
| 504 | _aIncludes bibliographical references and index. | ||
| 650 | _a1. Pharmacokinetics. | ||
| 942 |
_2ddc _n0 _cBK-CIRC _kCirc. |
||
| 999 |
_c2143 _d2143 |
||